000
00350nam a2200133Ia 4500
008
230411s9999 xx 000 0 und d
041
_a
eng
082
_a
F/610.7302/GUP/B07344
100
_a
Gupta L C
_9
176314
245
_a
Practical Nursing Procedures
260
_b
Jaypee Brothers
_a
New Delhi
_c
2007
300
_a
552p
999
_c
157476
_d
157476